000 00286nam a2200121Ia 4500
008 190216s9999||||xx |||||||||||||| ||und||
100 _aKothari C R
245 0 _aQuantitative Techniques
260 _bVikas Publishing House
_c1978
300 _a596
650 _aEconomics
942 _cBK
999 _c11530
_d11530